Statistics for Counting at the Movies

Click here to take the quiz!

General Stats

  • This quiz has been taken 20 times
  • The average score is 23 of 36

Answer Stats

HintAnswer% Correct
Pulp Fiction
90%
6 - What six senses does the film "The Sixth Sense" imply?Sight
90%
Smell
90%
Touch
90%
Hearing
85%
Taste
85%
1 - What masked cowboy's name implied he was on his own despite having Tonto?The Lone Ranger
85%
In the film Se7en, what are the sins?Gluttony
80%
Tarantino's 8th film has the number 8 in it. What were his first eight films?Reservoir Dogs
80%
5 - What are the elements in the almost entertaining 1997 film "The Fifth Element"?Air
75%
Earth
75%
Fire
75%
{The Hateful} Eight
75%
Water
75%
Django Unchained
70%
Sloth
70%
Ghosts?
65%
Greed
65%
Steve Martin
65%
3 - What actors played The Three Amigos in the 1986 film?Chevy Chase
60%
Kill Bill (Vol. 1 & 2)
60%
Lust
60%
Martin Short
60%
Wrath
60%
Envy
55%
Inglourious Basterds
55%
The Thing
55%
Jackie Brown
50%
The Human Torch
50%
Pride
45%
4 - Who were the members of the Fantastic Four in the 2000s films?Mr. Fantastic
40%
The Invisible Woman
40%
Love?
30%
Death Proof (Grindhouse)
20%
2 - They were the original Odd Couple. Literally. Name the characters.Felix Unger
20%
Oscar Madison
20%

Score Distribution

Percentile by Number Answered

Percent of People with Each Score

Your Score History

You have not taken this quiz